00346 2200145 4500001002100000005001500021035002000036245004700056100001700103260003000120082000800150084001400158990001400172990001400186INLIS00000000000301720250918101302 a0010-09250003641 aKiat Menulis Cerita Pendek /cHaris Efendi0 aHaris Efendi aBandung :bAngkasa,c2003 a400 a400 HAR k a04.201046 a04.201047